| 000 | 00469nam a2200181Ia 4500 | ||
|---|---|---|---|
| 008 | 220531s9999 xx 000 0 und d | ||
| 041 | _aeng | ||
| 082 | _bSTU / JHA | ||
| 100 |
_aJha, A. K. / Naik, R. K. _978174 |
||
| 245 | _aStudies of Indian Writing in English | ||
| 250 | _a1ST | ||
| 260 |
_aNew Delhi _bCrescent _c2014 |
||
| 300 | _a260 | ||
| 542 | _d07-09-2017 | ||
| 650 |
_aIndian Writing _978175 |
||
| 906 |
_d2017-2018 _f11263 |
||
| 999 |
_c43330 _d43330 |
||